Влияние объема капли на краевой угол и контактный диаметр в процессе смачивания цветных металлов; Неделя науки СПбПУ; Ч. 1
| Parent link: | Неделя науки СПбПУ: материалы научного форума с международным участием, г. Санкт-Петербург, 30 ноября - 5 декабря 2015 г./ Институт энергетики и транспортных систем Санкт-Петербургского государственного политехнического университета Петра Великого.— , 2015 Ч. 1.— 2015.— [С. 140-143] |
|---|---|
| Autor principal: | |
| Autor Corporativo: | |
| Otros Autores: | , |
| Sumario: | Заглавие с экрана Режим доступа: по договору с организацией-держателем ресурса |
| Lenguaje: | ruso |
| Publicado: |
2015
|
| Materias: | |
| Acceso en línea: | http://elibrary.ru/item.asp?id=25407363 |
| Formato: | Electrónico Capítulo de libro |
| KOHA link: | https://koha.lib.tpu.ru/cgi-bin/koha/opac-detail.pl?biblionumber=649054 |
MARC
| LEADER | 00000naa0a2200000 4500 | ||
|---|---|---|---|
| 001 | 649054 | ||
| 005 | 20250905093404.0 | ||
| 035 | |a (RuTPU)RU\TPU\network\14215 | ||
| 035 | |a RU\TPU\network\14197 | ||
| 090 | |a 649054 | ||
| 100 | |a 20160617d2015 k y0rusy50 ca | ||
| 101 | 0 | |a rus | |
| 102 | |a RU | ||
| 135 | |a drcn ---uucaa | ||
| 181 | 0 | |a i | |
| 182 | 0 | |a b | |
| 200 | 1 | |a Влияние объема капли на краевой угол и контактный диаметр в процессе смачивания цветных металлов |f Д. В. Феоктистов, Е. Г. Орлова, А. Г. Исламова | |
| 203 | |a Текст |c электронный | ||
| 300 | |a Заглавие с экрана | ||
| 320 | |a [Библиогр.: с. 143 (9 назв.)] | ||
| 333 | |a Режим доступа: по договору с организацией-держателем ресурса | ||
| 461 | |t Неделя науки СПбПУ |o материалы научного форума с международным участием, г. Санкт-Петербург, 30 ноября - 5 декабря 2015 г. |f Институт энергетики и транспортных систем Санкт-Петербургского государственного политехнического университета Петра Великого |d 2015 | ||
| 463 | |t Ч. 1 |v [С. 140-143] |d 2015 | ||
| 610 | 1 | |a электронный ресурс | |
| 610 | 1 | |a труды учёных ТПУ | |
| 610 | 1 | |a капли | |
| 610 | 1 | |a краевой угол | |
| 610 | 1 | |a цветные металлы | |
| 610 | 1 | |a смачивание | |
| 700 | 1 | |a Феоктистов |b Д. В. |c специалист в области теплотехники |c доцент; заместитель директора Томского политехнического университета, кандидат технических наук |f 1983- |g Дмитрий Владимирович |3 (RuTPU)RU\TPU\pers\27998 |9 12987 | |
| 701 | 1 | |a Орлова |b Е. Г. |c специалист в области теплотехники |c доцент Томского политехнического университета, кандидат физико-математических наук |f 1991- |g Евгения Георгиевна |3 (RuTPU)RU\TPU\pers\32839 |9 16696 | |
| 701 | 1 | |a Исламова |b А. Г. |c специалист в области теплотехники |c лаборант Томского политехнического университета |f 1993- |g Анастасия Гомильевна |3 (RuTPU)RU\TPU\pers\37305 | |
| 712 | 0 | 2 | |a Национальный исследовательский Томский политехнический университет (ТПУ) |b Энергетический институт (ЭНИН) |b Кафедра теоретической и промышленной теплотехники (ТПТ) |3 (RuTPU)RU\TPU\col\18679 |
| 801 | 2 | |a RU |b 63413507 |c 20200325 |g RCR | |
| 856 | 4 | |u http://elibrary.ru/item.asp?id=25407363 | |
| 942 | |c CF | ||